000 00583cam a22002053a 4500
001 45010
003 PGUSA
005 20140828084028.0
008 140225s2014||||xxu|||||s|||||000 | eng d
040 _aPGUSA
_beng
042 _adc
100 1 _aGardiner, Samuel Rawson,
_d1829-1902
245 1 0 _aOliver Cromwell
_h[electronic resource] /
_cSamuel Rawson Gardiner
260 _bProject Gutenberg,
_c2014
506 _aPublic domain in the USA.
516 _aElectronic text
830 0 _aProject Gutenberg
_v45010
856 4 0 _uhttp://www.gutenberg.org/ebooks/45010
942 _cEB
999 _c274261
_d274261